000 01740nam a2200409Ia 4500
001 ebr10428218
003 CaPaEBR
006 m u
007 cr cn|||||||||
008 100618s2010 enka sb 001 0 eng d
010 _z 2010025753
020 _z9781409406334
020 _z9781409406341
040 _aCaPaEBR
_cCaPaEBR
035 _a(OCoLC)754793871
050 1 4 _aPR468.A33
_bC65 2010eb
082 0 4 _a820.9/36
_222
100 1 _aColley, Ann C.
245 1 0 _aVictorians in the mountains
_h[electronic resource] :
_bsinking the sublime /
_cAnn C. Colley.
260 _aFarnham, Surrey, UK ;
_aBurlington, VT :
_bAshgate,
_cc2010.
300 _aix, 253 p. :
_bill.
504 _aIncludes bibliographical references and index.
533 _aElectronic reproduction.
_bPalo Alto, Calif. :
_cebrary,
_d2010.
_nAvailable via World Wide Web.
_nAccess may be limited to ebrary affiliated libraries.
600 1 0 _aRuskin, John,
_d1819-1900
_xCriticism and interpretation.
600 1 0 _aHopkins, Gerard Manley,
_d1844-1889
_xCriticism and interpretation.
600 1 0 _aStevenson, Robert Louis,
_d1850-1894
_xCriticism and interpretation.
650 0 _aEnglish literature
_y19th century
_xHistory and criticism.
650 0 _aAestheticism (Literature)
650 0 _aSublime, The, in literature.
650 0 _aNature in literature.
650 0 _aMountaineering in literature.
650 0 _aTechnological innovations
_xHistory
_y19th century.
650 0 _aNationalism and literature
_zEngland
_xHistory
_y19th century.
655 7 _aElectronic books.
_2local
710 2 _aebrary, Inc.
856 4 0 _uhttp://site.ebrary.com/lib/rucke/Doc?id=10428218
_zAn electronic book accessible through the World Wide Web; click to view
999 _c239577
_d239577